Foraging behavior and ecology /
Saved in:
| Other Authors: | , , |
|---|---|
| Format: | Electronic eBook |
| Language: | English |
| Published: |
Chicago :
University of Chicago Press,
2007.
|
| Subjects: | |
| Online Access: | NetLibrary MyiLibrary |
| Tags: |
Add Tag
No Tags, Be the first to tag this record!
|
| Call Number : | QL756.5 .F665 2007eb |
MARC
| LEADER | 00000cam a2200000Ia 4500 | ||
|---|---|---|---|
| 001 | 42084 | ||
| 003 | MY-KLNDU | ||
| 005 | 20241219003738.0 | ||
| 006 | m d | ||
| 007 | cr cnu---unuuu | ||
| 008 | 110210s2007 ilua ob 001 0 eng d | ||
| 020 | |a 9780226772653 (electronic bk.) | ||
| 020 | |a 0226772659 (electronic bk.) | ||
| 035 | |a (OCoLC)310969610 | ||
| 035 | |a (OCoLC)ocn310969610 | ||
| 039 | 9 | |y 201102101507 |z wafi | |
| 040 | |a N$T |b eng |c N$T |d OCLCQ |d YDXCP |d IDEBK | ||
| 049 | |a MHEA | ||
| 050 | 4 | |a QL756.5 |b .F665 2007eb | |
| 082 | 0 | 4 | |a 591.5/3 |2 22 |
| 096 | |a QL 756.5 |b F67 2007 | ||
| 245 | 0 | 0 | |a Foraging |h [electronic resource] : |b behavior and ecology / |c edited by David W. Stephens, Joel S. Brown, and Ronald C. Ydenberg. |
| 260 | |a Chicago : |b University of Chicago Press, |c 2007. | ||
| 300 | |a 1 online resource (xv, 608 p.) : |b ill. | ||
| 500 | |a Description based on print version record. | ||
| 504 | |a Includes bibliographical references (p. 507-586) and index. | ||
| 505 | 2 | 0 | |t Foraging : |g an overview / |r Ronald C. Ydenberg, Joel S. Brown and David W. Stephens -- |t Models of information use / |r David W. Stephens -- |t Neuroethology and foraging / |r David F. Sherry and John B. Mitchell -- |t Cognition for foraging / |r Melissa M. Adams-Hunt and Lucia F. Jacobs -- |t Food acquisition, processing, and digestions / |r Christopher J. Whelan and Kenneth A. Schmidt -- |t Herbivory / |r Jonathan Newman -- |t Energy storage and expenditure / |r Anders Brodin and Colin W. Clark-- |t Provisioning / |r Ronald C. Ydenberg -- |t Foraging in the face of danger / |r Peter A. Bednekoff -- |t Foraging with others : |g games social foragers play / |r Thomas A. Waite and Kristin L. Field -- |t Foraging and population dynamics / |r Robert D. Holt and Tristan Kimbrell -- |t Community ecology / |r Burt P. Kotler and Joel S. Brown -- |t Foraging and the ecology of fear / |r Joel S. Brown and Burt P. Kotler -- |t On foraging theory, humans, and the conservation of diversity : |g a prospectus / |r Michael L. Rosenzweig. |
| 650 | 0 | |a Animals |x Food. | |
| 650 | 6 | |a Animaux |x Alimentation. | |
| 655 | 7 | |a Electronic books. |2 local | |
| 700 | 1 | |a Stephens, David W., |d 1955- | |
| 700 | 1 | |a Brown, Joel S. |q (Joel Steven), |d 1959- | |
| 700 | 1 | |a Ydenberg, Ronald C. | |
| 776 | 0 | 8 | |i Print version: |t Foraging. |d Chicago : University of Chicago Press, 2007 |z 9780226772639 |z 9780226772646 |z 0226772632 |z 0226772640 |w (DLC) 2006038724 |w (OCoLC)76792105 |
| 856 | 4 | 0 | |3 NetLibrary |u http://www.netlibrary.com/urlapi.asp?action=summary&v=1&bookid=260236 |
| 856 | 4 | 0 | |3 MyiLibrary |u http://www.myilibrary.com?id=196656 |
| 938 | |a YBP Library Services |b YANK |n 2953022 | ||
| 994 | |a 92 |b MYMHE | ||
| 999 | |a vtls000042570 |c 42084 |d 42084 | ||


